| 000 | 00634nam a2200217 4500 | ||
|---|---|---|---|
| 001 | 30819 | ||
| 003 | BD-RjUL | ||
| 005 | 20211209051623.0 | ||
| 008 | 140412s1969 nju 001 0 eng | ||
| 035 | _a(BD-RjUL)30906 | ||
| 040 |
_aDLC _cDLC _dBD-RjUL _beng |
||
| 041 | _aeng | ||
| 082 | 0 | 0 |
_a511.3 _bROI 1969 |
| 100 | 1 |
_aRobison, Gerson B., _d1909- _993618 |
|
| 245 | 1 | 3 |
_aAn introduction to mathematical logic / _cGerson B. Robison. |
| 260 |
_aEnglewood Cliffs, N.J., : _bPrentice-Hall , _c1969 |
||
| 300 |
_axi, 212 p. : _c24 cm. |
||
| 650 | 0 |
_aLogic, Symbolic and mathematical. _993619 |
|
| 942 |
_2ddc _cBK |
||
| 999 |
_c30819 _d30819 |
||